What is an M&E QS? (Record no. 82578)
[ view plain ]
| 000 -LEADER | |
|---|---|
| fixed length control field | 00885cad a22002055a 4500 |
| 001 - CONTROL NUMBER | |
| control field | E150622 |
| 008 - FIXED-LENGTH DATA ELEMENTS--GENERAL INFORMATION | |
| fixed length control field | 100804s2010 xxk 000 0 eng d |
| 035 ## - SYSTEM CONTROL NUMBER | |
| System control number | (Sirsi) u150622 |
| 041 0# - LANGUAGE CODE | |
| Language code of text/sound track or separate title | eng |
| 100 1# - MAIN ENTRY--PERSONAL NAME | |
| Personal name | McCaffrey, Joe |
| 245 00 - TITLE STATEMENT | |
| Title | What is an M&E QS? |
| Medium | [electronic resource] |
| 260 ## - PUBLICATION, DISTRIBUTION, ETC. | |
| Date of publication, distribution, etc. | 2010 |
| 490 ## - SERIES STATEMENT | |
| Series statement | RICS Construction Journal |
| Volume/sequential designation | April/May 2010, 8-9(2) |
| 520 ## - SUMMARY, ETC. | |
| Summary, etc. | Discusses the role of the M&E quantity surveyor and looks at the challenges they face on construction projects. Suggests that an M&E QS can ensure that the client gets value for money and assist them with decision-making. |
| 590 ## - LOCAL NOTE (RLIN) | |
| Local note | KA |
| 651 #4 - SUBJECT ADDED ENTRY--GEOGRAPHIC NAME | |
| Geographic name | United Kingdom |
| Chronological subdivision | |
| 690 ## - LOCAL SUBJECT ADDED ENTRY--TOPICAL TERM (OCLC, RLIN) | |
| Topical term or geographic name as entry element | BUILT ENVIRONMENT-QUANTITY SURVEYING-QUANTITY SURVEYORS |
| 856 41 - ELECTRONIC LOCATION AND ACCESS | |
| Uniform Resource Identifier | <a href="https://www.rics.org/site/scripts/download_info.aspx?fileID=6112&categoryID=438">https://www.rics.org/site/scripts/download_info.aspx?fileID=6112&categoryID=438</a> |
| Public note | View this item (member-only access) at www.rics.org |
| 942 ## - ADDED ENTRY ELEMENTS (KOHA) | |
| Suppress in OPAC | 0 |
| Withdrawn status | Lost status | Source of classification or shelving scheme | Damaged status | Not for loan | Home library | Current library | Shelving location | Date acquired | Total Checkouts | Full call number | Barcode | Date last seen | Copy number | Price effective from | Koha item type |
|---|---|---|---|---|---|---|---|---|---|---|---|---|---|---|---|
| Dewey Decimal Classification | Virtual | Virtual | Online | 04/08/2010 | ONLINE PUBLICATION | 150622-2001 | 06/08/2019 | 1 | 06/08/2019 | Journal article |